=LDR 00000nam 2200000 4500 =001 INLIS000000001054162 =005 20251107090801 =035 ##$$a 0010-1125000040 =007 ta =008 251107################g##########0#ind## =082 ##$$a 610.73 =084 ##$$a 610.73 POT b =100 #$$a Potter, Patricia A. =245 1#$$a Buku ajar Fundamental keperawatan konsep, proses dan praktik Volume 1 /$c Patricia A. Potter =250 ##$$a edisi empat =260 ##$:$b EGC =300 ##$$a xxvii, 1152 halaman : $b ilustrasi ; $c 201 x 29,5 cm =600 #4$$a Perawat dan Keperawatan =990 ##$$a 16541654